Les Quartiers de Montpellier sur une Carte - Statistiques

Statistiques générales
  • Ce quiz a été pris 236 fois
  • Le résultat moyen est 15 sur 38
Réponses sur la Carte
Les réponses sont colorées sur une échelle allant du rouge au vert en fonction du pourcentage des utilisateurs qui les ont devinées à leur premier essai. Vous pouvez retrouver ces pourcentages ci-dessous.
 
Statistiques - réponses
Quartiers
% Correct
Mosson
79%
Centre Historique
76%
Antigone
66%
La Paillade
66%
Port Marianne
63%
Port Marianne
63%
Les Beaux-Arts
60%
Les Arceaux
52%
Boutonnet
51%
La Comédie
50%
Montpellier Centre
47%
Celleneuve
45%
Aiguelongue
43%
Hôpitaux-Facultés
43%
Hôpitaux-Facultés
43%
Croix d'Argent
41%
La Croix d'Argent
41%
Millénaire
40%
Gambetta
37%
Figuerolles
36%
Les Cévennes
35%
Les Cévennes
35%
Près d'Arènes
34%
Près d'Arènes
34%
Gares
33%
Lemasson
32%
La Pompignane
31%
Les Aubes
31%
Alco
28%
Saint-Martin
27%
Les Hauts de Massane
25%
Estanove
23%
La Chamberte
21%
Plan des Quatre Seigneurs
18%
Grammont
16%
Pas du Loup
15%
Aiguerelles
14%
La Martelle
11%
Aucun quiz correspondant
Distribution des résultats
% des personnes avec chaque résultat
Percentile par nombre de réponses
Votre historique - résultats
Vous n’avez pas pris ce quiz